TOUTES les communes de Belgique - Statistiques

Statistiques générales
  • Ce quiz a été pris 702 fois
  • Le résultat moyen est 105 sur 579
Réponses sur la Carte
Les réponses sont colorées sur une échelle allant du rouge au vert en fonction du pourcentage des utilisateurs qui les ont devinées à leur premier essai. Vous pouvez retrouver ces pourcentages ci-dessous.
 
Statistiques - réponses
Communes % Correct
Anvers
89%
Bruxelles
89%
Liège
89%
Charleroi
85%
Namur
84%
Gand
82%
Bruges
81%
Mons
79%
Arlon
78%
Ostende
78%
Louvain
74%
Mol
72%
Anderlecht
69%
Tournai
69%
La Panne
66%
Hasselt
64%
Ixelles
64%
Bastogne
63%
Wavre
63%
Courtrai
61%
Eupen
61%
Waterloo
61%
Uccle
60%
Dinant
59%
La Louvière
59%
Chimay
57%
Genk
57%
Mouscron
57%
Saint-Gilles
57%
Saint-Nicolas
57%
Spa
56%
Malines
55%
Ypres
55%
Schaerbeek
54%
Ath
53%
Nivelles
53%
Woluwe-Saint-Lambert
53%
Huy
52%
Verviers
51%
Knokke-Heist
50%
Malmedy
50%
Virton
50%
Woluwe-Saint-Pierre
49%
Durbuy
48%
Marche-en-Famenne
48%
Zaventem
48%
Hal
47%
Léau
47%
Forest
45%
Ottignies-Louvain-la-Neuve
45%
Alost
44%
Bouillon
44%
Braine-l'Alleud
44%
Binche
43%
Molenbeek-Saint-Jean
43%
Philippeville
43%
Seraing
43%
Gembloux
42%
Braine-le-Comte
41%
Etterbeek
40%
Jette
40%
Saint-Trond
39%
Tubize
39%
Ans
38%
Couvin
38%
Soignies
38%
Andenne
37%
Ciney
36%
Auderghem
35%
Enghien
35%
Evere
35%
Neufchâteau
35%
Blankenberge
34%
Fleurus
34%
Hannut
34%
Stavelot
34%
Vilvorde
34%
As
33%
Waremme
33%
De Haan
32%
Herstal
32%
Jodoigne
32%
Nieuport
32%
Rixensart
32%
Houffalize
31%
Thuin
31%
Asse
30%
Aywaille
30%
Braine-le-Château
30%
Dour
30%
Florenville
30%
Furnes
30%
Koekelberg
30%
Koksijde
30%
La Hulpe
30%
La Roche-en-Ardenne
30%
Middelkerke
30%
Ninove
30%
Péruwelz
30%
Roulers
30%
Saint-Josse-ten-Noode
30%
Sambreville
30%
Châtelet
29%
Genappe
29%
Libramont-Chevigny
29%
Renaix
29%
Tirlemont
29%
Waregem
29%
Bertrix
28%
Ittre
28%
Saint-Hubert
28%
Courcelles
27%
Rhode-Saint-Genèse
27%
Sprimont
27%
Villers-la-Ville
27%
Watermael-Boitsfort
27%
Beauraing
26%
Chaudfontaine
26%
Comines-Warneton
26%
Dilbeek
26%
Jurbise
26%
Lasne
26%
Lokeren
26%
Mont-Saint-Guibert
26%
Tongres
26%
Turnhout
26%
Bredene
25%
Éghezée
25%
Ganshoren
25%
Herve
25%
Hotton
25%
Kraainem
25%
Lommel
25%
Maasmechelen
25%
Overijse
25%
Perwez
25%
Quiévrain
25%
Tervuren
25%
Vielsalm
25%
Yvoir
25%
Beaumont
24%
Grimbergen
24%
Profondeville
24%
Saint-Ghislain
24%
Walcourt
24%
Anderlues
23%
Antoing
23%
Boussu
23%
Bütgenbach
23%
Court-Saint-Etienne
23%
Flémalle
23%
Gedinne
23%
Gouvy
23%
Leuze-en-Hainaut
23%
Martelange
23%
Paliseul
23%
Pont-à-Celles
23%
Dixmude
22%
Floreffe
22%
Frameries
22%
Froidchapelle
22%
Grammont
22%
Grez-Doiceau
22%
Habay
22%
Léglise
22%
Lens
22%
Manage
22%
Poperinge
22%
Quévy
22%
Seneffe
22%
Wellen
22%
Wellin
22%
Audenarde
21%
Beveren
21%
Brugelette
21%
Écaussinnes
21%
Fourons
21%
Gerpinnes
21%
Silly
21%
Beauvechain
20%
Chaumont-Gistoux
20%
Erquelinnes
20%
Florennes
20%
Fontaine-l'Évêque
20%
Le Roeulx
20%
Limbourg
20%
Linkebeek
20%
Mettet
20%
Momignies
20%
Quaregnon
20%
Sankt Vith
20%
Termonde
20%
Theux
20%
Trois-Ponts
20%
Visé
20%
Welkenraedt
20%
Celles
19%
Chastre
19%
Estaimpuis
19%
Geel
19%
Lessines
19%
Libin
19%
Messancy
19%
Morlanwelz
19%
Pepinster
19%
Rebecq
19%
Sainte-Ode
19%
Tellin
19%
Vaux-sur-Sûre
19%
Westerlo
19%
Zulte
19%
Beloeil
18%
Bièvre
18%
Blegny
18%
Chiny
18%
Fernelmont
18%
Fléron
18%
Jemeppe-sur-Sambre
18%
Nassogne
18%
Tenneville
18%
Viroinval
18%
Vresse-sur-Semois
18%
Attert
17%
Aubange
17%
Aubel
17%
Beerse
17%
Deinze
17%
Drogenbos
17%
Eeklo
17%
Herbeumont
17%
Stoumont
17%
Tintigny
17%
Waimes
17%
Walhain
17%
Wanze
17%
Wemmel
17%
Wezembeek-Oppem
17%
Aalter
16%
Anhée
16%
Bernissart
16%
Cerfontaine
16%
Colfontaine
16%
Damme
16%
Denderleeuw
16%
Frasnes-lez-Anvaing
16%
Ham-sur-Heure-Nalinnes
16%
Hastière
16%
Houyet
16%
Incourt
16%
Lierneux
16%
Lierre
16%
Meix-devant-Virton
16%
Menin
16%
Montigny-le-Tilleul
16%
Orp-Jauche
16%
Oupeye
16%
Raeren
16%
Ramillies
16%
Soumagne
16%
Aarschot
15%
Brasschaat
15%
Étalle
15%
Farciennes
15%
Hoegaarden
15%
Hoeilaart
15%
Jalhay
15%
La Bruyère
15%
Mont-de-l'Enclus
15%
Saint-Léger
15%
Wevelgem
15%
Amay
14%
Assesse
14%
Awans
14%
Burg-Reuland
14%
Chapelle-lez-Herlaimont
14%
Chièvres
14%
Daverdisse
14%
Esneux
14%
Fauvillers
14%
Fosses-la-Ville
14%
Grâce-Hollogne
14%
Hamoir
14%
Hensies
14%
Herent
14%
Héron
14%
Izegem
14%
Leeuw-Saint-Pierre
14%
Nandrin
14%
Neupré
14%
Oud-Heverlee
14%
Pecq
14%
Rumes
14%
Saint-Georges-sur-Meuse
14%
Sivry-Rance
14%
Sombreffe
14%
Thimister-Clermont
14%
Aiseau-Presles
13%
Bilzen
13%
Boom
13%
Comblain-au-Pont
13%
Doische
13%
Engis
13%
Érezée
13%
Estinnes
13%
Gesves
13%
Heusden-Zolder
13%
Lobbes
13%
Machelen
13%
Onhaye
13%
Ternat
13%
Amel
12%
Brée
12%
Brunehaut
12%
Büllingen
12%
Dison
12%
Essen
12%
Havelange
12%
Hélécine
12%
Lille
12%
Manhay
12%
Meise
12%
Modave
12%
Musson
12%
Rendeux
12%
Rouvroy
12%
Somme-Leuze
12%
Verlaine
12%
Affligem
11%
Baelen
11%
Beringen
11%
Clavier
11%
Diest
11%
Ellezelles
11%
Ferrières
11%
Flobecq
11%
Hamois
11%
Harelbeke
11%
Heist-op-den-Berg
11%
Kelmis
11%
Landen
11%
Londerzeel
11%
Maaseik
11%
Marchin
11%
Merbes-le-Château
11%
Ohey
11%
Oreye
11%
Plombières
11%
Steenokkerzeel
11%
Torhout
11%
Trooz
11%
Beersel
10%
Beyne-Heusay
10%
Geer
10%
Herentals
10%
Jabbeke
10%
Juprelle
10%
Kapellen
10%
Kortenberg
10%
Lincent
10%
Olne
10%
Ouffet
10%
Tielt
10%
Anthisnes
9%
Bertem
9%
BSA
9%
Dalhem
9%
De Pinte
9%
Fexhe-le-Haut-Clocher
9%
Honelles
9%
Huldenberg
9%
Kontich
9%
Liedekerke
9%
Lontzen
9%
Maldegem
9%
Merchtem
9%
Remicourt
9%
Schoten
9%
Tamise
9%
Tinlot
9%
Wasseiges
9%
Zemst
9%
Braives
8%
Crisnée
8%
Donceel
8%
Evergem
8%
Hamme
8%
Pelt
8%
Putte
8%
Rocherfort
8%
Berloz
7%
Bierbeek
7%
Brecht
7%
Burdinne
7%
Erpe-Mere
7%
Faimes
7%
Gooik
7%
Kalmthout
7%
Lennik
7%
Les Bons Villiers
7%
Pepingen
7%
Wervik
7%
Zele
7%
Baerle-Duc
6%
Bourg-Léopold
6%
Boutersem
6%
Gistel
6%
Heuvelland
6%
Kampenhout
6%
Kuurne
6%
Lichtervelde
6%
Malle
6%
Peer
6%
Riemst
6%
Rotselaar
6%
Tessenderlo
6%
Wetteren
6%
Buggenhout
5%
Diepenbeek
5%
Dilsen-Stokkem
5%
Haacht
5%
Hérinnes
5%
Herstappe
5%
Houthalen-Helchteren
5%
Kinrooi
5%
Kruibeke
5%
Lede
5%
Lint
5%
Lochristi
5%
Lubbeek
5%
Melle
5%
Nazareth
5%
Opwijk
5%
Roosdaal
5%
Rumst
5%
Tremelo
5%
Vieux-Turnhout
5%
Villiers-le-Bouillet
5%
Vleteren
5%
Willebrouck
5%
Zelzate
5%
Zonnebeke
5%
Zwevegem
5%
Avelgem
4%
Balen
4%
Boortmeerbeek
4%
Bssenge
4%
Dessel
4%
Houthulst
4%
Kapelle-op-den-Bos
4%
Lanaken
4%
Nijlen
4%
Wommelgem
4%
Zedelgem
4%
Aartselaar
3%
Alveringem
3%
Ardooie
3%
Beernem
3%
Berlaar
3%
Biévène
3%
Bocholt
3%
Bornem
3%
Duffel
3%
Hamont-Achel
3%
Heers
3%
Ingelmunster
3%
Kortemark
3%
Kortessem
3%
Laethem-Saint-Martin
3%
Langemark-Poelkapelle
3%
Lebbeke
3%
Lo-Reninge
3%
Lummen
3%
Merelbeke
3%
Messines
3%
Montaigu-Zichem
3%
Oosterzele
3%
Oudenburg
3%
Puers-Saint-Amand
3%
Schilde
3%
Wavre-Sainte-Catherine
3%
Wingene
3%
Zonhoven
3%
Alken
2%
Anzegem
2%
Assenede
2%
Begijnendijk
2%
Berlare
2%
Boechout
2%
Bonheiden
2%
Bracle
2%
Edegem
2%
Espierres-Helchin
2%
Gammerages
2%
Gavere
2%
Gingelom
2%
Glabbeek
2%
Haaltert
2%
Halen
2%
Hautem-Saint-Liévin
2%
Herck-la-Ville
2%
Holsbeek
2%
Horebeke
2%
Hove
2%
Hulshout
2%
Ichtegem
2%
Kaprijke
2%
Kasterlee
2%
Keerbergen
2%
Kluisbergen
2%
koekelare
2%
Kortenaken
2%
Kruisem
2%
Ledegem
2%
Lendelede
2%
Lierde
2%
Linter
2%
Looz
2%
Meerhout
2%
Moorslede
2%
Niel
2%
None found
2%
Olen
2%
Ranst
2%
Ravels
2%
Rijkevorsel
2%
Saint-Laurent
2%
Staden
2%
Stekene
2%
Vorselaar
2%
Vosselaar
2%
Westwesel
2%
Wortegem-Petegem
2%
Zandhoven
2%
Zuienkerke
2%
Zutendaal
2%
Bekkevoort
1%
Dentergem
1%
Destelbergen
1%
Geetbets
1%
Grobbendonk
1%
Hechtel-Eksel
1%
Herselt
1%
Herzele
1%
Hoeselt
1%
Hooglede
1%
Laakdal
1%
Markedal
1%
Meulebeke
1%
Moerbeke
1%
Nieuwerkerken
1%
Oostamp
1%
Oostrozebeke
1%
Oudsbergen
1%
Schelle
1%
Stabroek
1%
Tielt-Winge
1%
Wichelen
1%
Zwalm
1%
Aredonk
0%
Deerlijk
0%
Hemilksen
0%
Laerne
0%
Lievegem
0%
Morstel
0%
Pittem
0%
Réthy
0%
Ruiselede
0%
Saint-Gilles-Waes
0%
Waaslunster
0%
Wachtebeke
0%
Wielsbeke
0%
Wijnegen
0%
Zoersel
0%
Aucun quiz correspondant
Distribution des résultats
% des personnes avec chaque résultat
Percentile par nombre de réponses
Votre historique - résultats
Vous n’avez pas pris ce quiz